Guus Hiddink's PSV Eindhoven - Statistics

General Stats
  • This quiz has been taken 6 times
  • The average score is 33 of 100
Answer Stats
Rank Player Position Nationality Matches Goals Assists % Correct
21 Jefferson Farfán Right Winger 89 35 11
100%
17 Ji-sung Park Attacking Midfield 92 17 11
100%
25 Alex Centre-Back 82 7 6
83%
20 Heurelho Gomes Goalkeeper 89 0 0
83%
23 Mateja Kežman Centre-Forward 86 78 12
83%
15 Ronald Koeman Sweeper 104 50 33
83%
12 Young-pyo Lee Left-Back 117 1 17
83%
1 Jan Vennegoor of Hesselink Centre-Forward 165 61 20
67%
11 Johann Vogel Defensive Midfield 118 4 3
67%
9 Mark van Bommel Central Midfield 118 36 34
67%
34 Romário Centre-Forward 61 57 9
67%
24 Ronald Waterreus Goalkeeper 84 0 0
67%
65 Ruud Gullit Attacking Midfield 13 9 4
67%
5 André Ooijer Centre-Back 132 8 11
50%
27 Arjen Robben Right Winger 75 21 22
50%
47 Arnold Bruggink Attacking Midfield 30 11 3
50%
52 Arouna Koné Centre-Forward 26 11 3
50%
8 Berry van Aerle Right-Back 120 8 12
50%
3 Eric Gerets Right-Back 143 9 19
50%
76 Jerry de Jong Right-Back 5 1 0
50%
32 John de Jong Attacking Midfield 64 18 18
50%
30 Kasper Bögelund Right-Back 68 0 1
50%
19 Phillip Cocu Defensive Midfield 91 23 16
50%
37 Timmy Simons Defensive Midfield 45 3 1
50%
7 Wilfred Bouma Left-Back 130 11 5
50%
22 Adick Koot Centre-Back 89 5 0
33%
73 Adil Ramzi Left Midfield 7 0 0
33%
26 DaMarcus Beasley Left-Back 80 16 15
33%
29 Dennis Rommedahl Right Winger 69 13 25
33%
33 Edward Linskens Defensive Midfield 64 4 5
33%
66 Edwin Zoetebier Goalkeeper 13 0 0
33%
38 Eric Addo Centre-Back 43 1 1
33%
44 Frank Arnesen Attacking Midfield 34 6 14
33%
4 Gerald Vanenburg Right Winger 137 36 53
33%
69 Giorgi Gakhokidze Left Winger 11 1 0
33%
16 Hans Gillhaus Centre-Forward 95 30 19
33%
6 Hans van Breukelen Goalkeeper 131 0 0
33%
36 Ibrahim Afellay Attacking Midfield 46 4 3
33%
53 Ismail Aissati Attacking Midfield 26 2 0
33%
18 Ivan Nielsen Centre-Back 91 4 13
33%
2 Jan Heintze Left-Back 153 2 11
33%
48 Jason Culina Central Midfield 28 0 6
33%
43 Johan Vonlanthen Left Midfield 36 5 1
33%
40 Kevin Hofland Centre-Back 41 1 2
33%
58 Michael Reiziger Right-Back 20 0 0
33%
82 Otman Bakkal Attacking Midfield 3 0 0
33%
68 René van der Gijp Right Winger 12 9 3
33%
55 Robert Centre-Forward 25 5 2
33%
10 Sören Lerby Central Midfield 118 23 23
33%
14 Theo Lucius Defensive Midfield 110 7 5
33%
13 Wim Kieft Centre-Forward 112 67 29
33%
39 Anton Janssen Left Midfield 42 5 4
17%
89 Archie Thompson Centre-Forward 2 0 0
17%
74 Bert Verhagen Centre-Back 6 0 0
17%
85 Carlo l'Ami Goalkeeper 2 0 0
17%
77 Cemal Yılmaz Central Midfield 5 0 1
17%
72 Csaba Fehér Defensive Midfield 7 0 0
17%
90 Daniel Guijo-Velasco Attacking Midfield 2 0 0
17%
97 Edson Sousa Centre-Forward 1 0 0
17%
78 Eric van Kessel Left-Back 5 0 1
17%
51 Eric Viscaal Centre-Forward 27 9 3
17%
46 Ernest Faber Centre-Back 31 0 0
17%
42 Flemming Povlsen Centre-Forward 38 11 6
17%
83 Frank Berghuis Left Winger 3 0 0
17%
84 Frank Kooiman Goalkeeper 2 0 0
17%
50 Gerald Sibon Centre-Forward 28 6 2
17%
60 Hallvar Thoresen Left Winger 15 6 1
17%
70 Hendrie Krüzen Left Winger 9 2 1
17%
86 Jan Nederburgh Goalkeeper 2 0 0
17%
80 Jelle ten Rouwelaar Goalkeeper 3 0 0
17%
63 John Veldman Centre-Back 14 0 0
17%
75 Jordi Hoogstrate Central Midfield 6 0 0
17%
49 Jozef Chovanec Central Midfield 28 5 5
17%
45 Jürgen Colin Centre-Back 32 1 2
17%
87 Jürgen Dirkx Centre-Back 2 0 0
17%
71 Jurrie Koolhof Centre-Forward 9 3 0
17%
31 Juul Ellerman Centre-Forward 66 26 10
17%
64 Kalusha Bwalya Centre-Forward 14 2 2
17%
94 Klaas-Jan Huntelaar Centre-Forward 1 0 0
17%
56 Leandro Bonfim Attacking Midfield 23 1 4
17%
98 Lee Nguyen Attacking Midfield 1 0 0
17%
100 Lloyd Kammeron Centre-Forward 1 0 0
17%
61 Michael Ball Left-Back 15 0 0
17%
96 Michael Jakobsen Centre-Back 1 0 0
17%
41 Michael Lamey Right-Back 41 4 4
17%
57 Michel Boerebach Midfielder 22 3 4
17%
67 Michel Valke Left Midfield 12 0 3
17%
62 Mika Väyrynen Central Midfield 15 2 1
17%
88 Osmar Ferreyra Attacking Midfield 2 0 0
17%
59 Patrick Lodewijks Goalkeeper 18 0 0
17%
93 Pim Doesburg Goalkeeper 1 0 0
17%
35 Remco van der Schaaf Centre-Back 54 1 3
17%
99 Roberto Lanckohr Attacking Midfield 1 0 0
17%
95 Robert van Boxel Centre-Back 1 0 0
17%
92 Rob van Dijk Goalkeeper 1 0 0
17%
91 Roy Beerens Right Winger 2 0 0
17%
28 Stan Valckx Centre-Back 73 2 3
17%
79 Twan Scheepers Centre-Forward 4 0 1
17%
54 Willy van de Kerkhof Right Midfield 25 1 3
17%
81 Yves Lenaerts Goalkeeper 3 0 0
17%
No matching quizzes found
Score Distribution
Percent of People with Each Score
Percentile by Number Answered
Your Score History
You have not taken this quiz